000 01145cam a2200337Ia 4500
001 8287664
003 OSt
005 20150408114104.0
008 100503s2011 cau bf 001 0 eng d
020 _a9780840031679 (pbk.)
020 _a084003167X (pbk.)
024 _a99940601946
035 _a(OCoLC)610585586
_z(OCoLC)462922642
035 _a(OCoLC)ocn610585586
035 _a(NNC)8287664
040 _aIAM
_cIAM
_dIAM
_dBTCTA
_dYDXCP
_dNhCcYBP
050 4 _aBF76.8
_b.S98 2011
082 0 4 _a808.06615
_222
_bSLW
100 1 _aSzuchman, Lenore T.,
_d1948-
_918332
245 1 0 _aWriting with style :
_bAPA style made easy /
_cLenore T. Szuchman.
250 _a5th ed.
260 _aBelmont, CA :
_bWadsworth/Cengage Learning,
_cc2011.
300 _axxii, 164 p. ;
_c23 cm.
504 _aIncludes bibliographical references (p. 155-156) and index.
650 0 _aPsychology
_xAuthorship
_vStyle manuals.
_918333
650 0 _aPsychological literature
_xPublishing
_vHandbooks, manuals, etc.
_918334
650 0 _aReport writing
_vHandbooks, manuals, etc.
_94073
942 _2ddc
_cDVD
948 1 _a20110119
_bc
_csl13
_dMPS
999 _c26439
_d260939